00440nam a2200145Ia 4500020001800000082001800018100001800036245006300054260004600117300001300163504003600176650002900212650003200241650002100273 a81-7708-030-X a330.954 MAT-; aMathur, Vibha 0aIndian economy and the WTO : new challenges and strategies aNew DelhibNew Century Publicationsc2002 ax, 325p. aIncludes bibliography and index aWorld Trade Organization aIndia - Economic conditions aIndia - Commerce